| 000 | 00705nam a22002057a 4500 | ||
|---|---|---|---|
| 003 | OSt | ||
| 005 | 20260205004422.0 | ||
| 008 | 260205b |||||||| |||| 00| 0 eng d | ||
| 020 | _a9780785288633 | ||
| 040 |
_aDWCL-Main Lib _cOC |
||
| 082 | _aRes. 616.99406 C141 2006 | ||
| 100 | _aCalbon,Cherie | ||
| 245 | _a The complete cancer cleaner : a proven program to detoxify and renew body, mind, and spirit | ||
| 260 |
_aNashville, Tennessee : _bThomas Nelson, _cc2006 |
||
| 300 |
_a345 pages : _billustrations ; _cc2006 |
||
| 504 | _aIncludes bibliographical references and index. | ||
| 650 | _aCancer - altrnative treatment. | ||
| 650 | _aDetoxification (Health). | ||
| 942 |
_2ddc _cBK-0 CIRC _mRes. _n0 |
||
| 999 |
_c8282 _d8282 |
||